000 03056nam0a2200397 4500
001 RU\NLR\BIBL_A\016347399
005 20250627122650.0
010 _a978-5-00185-288-9
_bПросвещение-Союз
010 _a978-5-09-104496-6
_bПросвещение
_9600
021 _aRU
_bКН-П-23-014746
_9КН-П-23-1463
035 _a(NLR Aleph) 016347399
035 _a(RuMoRGB)011641610
090 _a13110420
_c13110420
100 _a20230418d2023 u y0rusy50 ca
101 0 _arus
102 _aRU
105 _aa z 000ay
181 0 _ai3
_baxxe
181 0 _ab2
_bxb2e
182 1 _an
200 1 _aСказки народов Кавказа
_e[для чтения взрослыми детям
_fредактор-составитель: В. В. Кузьмин]
_gиллюстрации художников: В. В. Спасского [и др.]
203 _aТекст
_aИзображение
_bвизуальные
_cнепосредственные
210 _aМосква
_cПросвещение
_d2023
215 _a206 с.
_cцв. ил.
_d27
225 1 _aСказки и мифы народов мира
330 _aКавказский эпос является одним из древнейших героико-эпических произведений народов мира наряду с "Илиадой", "Одисссей", "Шахнаме" и "Калевалой". В нашем сборнике представлено свыше пятидесяти кавказских сказок, легенд и преданий шестнадцати народов. Эти произведения были бережно извлечены из книг и периодических изданий XIX вска и переработаны русскими фольклористами Л. Ф. Черским и В. А. Гатцуком. Опубликованные в 1900-1906 годах, впервые они выпускаются в виде единой антологии. Самобытные и завораживающие сказочные сюжеты дают представление не только о народах, живущих в этом уникальном регионе, где невероятным образом соединяются Запад и Восток, но и о многообразии и особенностях кавказского фольклора
333 _aДля детей старше 6 лет
686 0 _aШ9(2)3=Кавк-2
702 1 _4340
_aКузьмин
_bВ. В.
_cлитератор, редактор
_f1972-
_gВладимир Владимирович
_9133710
_3RU\NLR\AUTH\770133744
702 1 _4040
_7ca
_8rus
_aСпасский
_bВ. В.
_cхудожник
_f1873-1924
_gВасилий Васильевич
_963593
_3RU\NLR\AUTH\7780665
942 _cBOOK
980 _aNB